Effect of hyamine on electrochemical behaviour of brass alloy in HNO3 solution

Bibliographic Details
Main Authors: Özkir, Demet (Author), Ali Gürten, A. (Author), Bayol, Emel (Author), Kandemirli, Fatma (Author), Sürme, Yavuz (Author)
Format: Article
Language:English
Subjects:

MARC

LEADER 00000nab a2200000uu 4500
001 vtls010879422
003 SK-MaSNL
005 20260303191100.0
008 230303|2013 xo |||||||||||||||||eng|
015 |a SNBRB 
035 |a (urnnbn)urn:nbn:sk:snk:ar-005w1u 
035 |a (uuid)b7b2bb52-b614-434b-b7f3-474033937973 
035 |a urn:nbn:sk:snk-ab7ndv 
040 |a SNKBUCL  |b slo  |c SNKBUCL  |e AACR2 
041 0 |a eng 
044 |a xo  |c SK 
080 |a 54-145  |2 2001 
080 |a 661.56  |2 2001 
100 1 |a Özkir, Demet  |4 aut  |9 1220123 
245 1 0 |a Effect of hyamine on electrochemical behaviour of brass alloy in HNO3 solution  |c Demet Özkir, Emel Bayol, Fatma Kandemirli, Yavuz Sürme, A. Ali Gürten 
504 |a Bibliogr. odkazy 
650 0 7 |a mosadzné zliatiny  |2 SNK  |9 1220124 
650 0 7 |a roztoky  |2 SNKPH  |9 20960 
650 0 7 |a kyselina dusičná  |2 SNK  |9 54756 
650 0 7 |a amíny  |2 SNK  |9 50246 
700 1 |a Ali Gürten, A.  |4 aut  |9 1220125 
700 1 |a Bayol, Emel  |4 aut  |9 1220126 
700 1 |a Kandemirli, Fatma  |4 aut  |9 1220127 
700 1 |a Sürme, Yavuz  |4 aut  |9 1220128 
773 0 |t Chemical papers  |g Roč. 67, č. 2 (2013), s. [202]-212 
958 |a OND 
958 |a NB 
958 |a EUIPO 
958 |a article8 
999 |c 2139354  |d 2141284